<?xml version="1.0" encoding="UTF-8"?>
<collection xmlns="http://www.loc.gov/MARC21/slim">
 <record>
  <leader>     na                 </leader>
  <controlfield tag="001">INLIS000000000023839</controlfield>
  <controlfield tag="005">20260422100144</controlfield>
  <datafield tag="035" ind1=" " ind2=" ">
   <subfield code="a">0010-0426000036</subfield>
  </datafield>
  <controlfield tag="007">ta</controlfield>
  <controlfield tag="008">260422                g          0 ind  </controlfield>
  <datafield tag="020" ind1=" " ind2=" ">
   <subfield code="a">9786230106712</subfield>
  </datafield>
  <datafield tag="082" ind1=" " ind2=" ">
   <subfield code="a">303.34</subfield>
  </datafield>
  <datafield tag="084" ind1=" " ind2=" ">
   <subfield code="a">303.34 DAS s</subfield>
  </datafield>
  <datafield tag="100" ind1="0" ind2=" ">
   <subfield code="a">Dasep Suryanto</subfield>
   <subfield code="e">Pengarang</subfield>
  </datafield>
  <datafield tag="245" ind1="1" ind2=" ">
   <subfield code="a">Speak to Lead :</subfield>
   <subfield code="b">28 Strategi Komunikasi Pemimpin untuk Mencapai Tujuan Kepemimpinan</subfield>
  </datafield>
  <datafield tag="250" ind1=" " ind2=" ">
   <subfield code="a">I</subfield>
  </datafield>
  <datafield tag="300" ind1=" " ind2=" ">
   <subfield code="a">xiv + 194 halaman ;</subfield>
   <subfield code="c">23 cm</subfield>
  </datafield>
  <datafield tag="650" ind1=" " ind2="4">
   <subfield code="a">Kepemimpinan</subfield>
  </datafield>
  <datafield tag="502" ind1=" " ind2=" ">
   <subfield code="a">Indeks 183-189 halaman</subfield>
  </datafield>
  <datafield tag="504" ind1=" " ind2=" ">
   <subfield code="a">Bibliografi 191 halaman</subfield>
  </datafield>
  <datafield tag="505" ind1=" " ind2=" ">
   <subfield code="a">1. The Person&#13;
2. The Message&#13;
3. The Way</subfield>
  </datafield>
  <datafield tag="520" ind1=" " ind2=" ">
   <subfield code="a">Sejumlah aktivitas utama pemimpin, sangat memerlukan kemampuan komunikasi. Speak to Lead, memperjelas pentingnya peranan komunikasi untuk mendukung pencapaian tujuan pemimpin. Apa yang selama ini kurang disadari tentang faktor kegagalan pemimpin dalam mencapai tujuan-tujuan penting kepemimpinan, semakin terlihat jelas bahwa sumber masalah utamanya adalah gagal melakukan komunikasi pemimpin yang efektif.&#13;
&#13;
Pemimpin efektif dan komunikasi efektif adalah hal yang tak terpisahkan. Kemampuan komunikasi akan memperkuat kemampuan pemimpin mencapai tujuan kepemimpinannya. Sebaliknya, kemampuan komunikasi yang lemah, juga merupakan titik lemah yang mengakibatkan banyak pemimpin tidak efektif. Segala sesuatu yang tidak berjalan lancar, macet, bahkan berbagai kegagalan eksekusi strategi, seringkali penyebabnya adalah komunikasi pemimpin yang tidak efektif.&#13;
&#13;
Speak to Lead, menyampaikan tentang bagaimana seharusnya pemimpin berbicara. Buku ini membagikan 28 strategi komunikasi pemimpin yang dikelompokkan dalam 3 bagian utama, yaitu:&#13;
&#13;
The Person, menyampaikan 3 kualitas diri pemimpin yang layak didengar. The Message, menyampaikan 12 pesan komunikasi yang harus disampaikan pemimpin.&#13;
&#13;
The Way, menyampaikan 13 cara komunikasi pemimpin yang efektif.&#13;
&#13;
Apa pun tujuan kepemimpinan Anda, Anda memerlukan kemampuan komunikasi pemimpin untuk mencapainya. Speak to Lead, memberikan inspirasi terpenting mengenai berbicara sebagai pemimpin untuk mencapai tujuan kepemimpinan Anda.</subfield>
  </datafield>
  <datafield tag="264" ind1=" " ind2=" ">
   <subfield code="a">Yogyakarta :</subfield>
   <subfield code="b">ANDI OFFSET,</subfield>
   <subfield code="c">2022</subfield>
  </datafield>
  <datafield tag="336" ind1=" " ind2=" ">
   <subfield code="2">rdacontent</subfield>
   <subfield code="a">Teks</subfield>
  </datafield>
  <datafield tag="337" ind1=" " ind2=" ">
   <subfield code="2">rdamedia</subfield>
   <subfield code="a">Tanpa Perantara</subfield>
  </datafield>
  <datafield tag="338" ind1=" " ind2=" ">
   <subfield code="2">rdacarrier</subfield>
   <subfield code="a">Lembar</subfield>
  </datafield>
  <datafield tag="990" ind1=" " ind2=" ">
   <subfield code="a">078238</subfield>
  </datafield>
  <datafield tag="990" ind1=" " ind2=" ">
   <subfield code="a">078239</subfield>
  </datafield>
  <datafield tag="990" ind1=" " ind2=" ">
   <subfield code="a">078240</subfield>
  </datafield>
 </record>
</collection>
